00795nab a2200205uuc4500001000800000005001700008008004100025035001200066035002100078040001300099041000800112100004100120245011400161650003600275650001100311650003300322650004900355700003500404773015000439127202420250205091613.0120213e20111201 spa  a1272024 a(OCoLC)820628326 ccomduadb aspa10aMartin Rodriguez, Patricia4auteaut10aMétodos simplificados de análisis dinámico para torres atirantadas bajo la acción de vientos extremos 7aDinámica de estructuras2lemb aViento aTorres de telecomunicaciones 7aAnálisis estructural (Ingeniería)2embne10aParnas, Vivian Elena4auteaut0 tRevista Técnica de la Facultad de Ingeniería Universidad del Zulia (Maracaibo)gVol. 34, No. 03, Dic. 2011, 185-193w100816x0254-0770089895